000 00321nam a2200145Ia 4500
100 _aHamm/G/ Burk/G
650 _aCarpentery
942 _cBK
654 _aautomotive trade
245 _aTables for the automotive trade
260 _bWiley Eastern Limited.
_c1992
300 _a228
546 _aENGLISH
999 _c19976
_d19976